Sports Quiz

Random Sports or Country Quiz

RBS Six Nations Teams (Rugby) Quiz Stats

 Plays Quiz Updated Aug 23, 2014

Support Sporcle.
Go Orange.
Score 0/6 Timer 00:30
2 Plays Today
% Correct
England
97.8%
Ireland
94%
Wales
93.2%
Scotland
93.1%
France
92.9%
Italy
86.9%

From the Vault

Images That Start with 'K'

by sproutcm

With this quiz, you just have to keep on keeping on.
Remove Ads.
Support Sporcle.
Get the best of Sporcle when you Go Orange. This ad-free experience offers more features, more stats, and more fun while also helping to support Sporcle. Thank you for becoming a member.

Show Comments

Extras

Top Quizzes Today


Score Distribution

Your Account Isn't Verified!

In order to create a playlist on Sporcle, you need to verify the email address you used during registration. Go to your Sporcle Settings to finish the process.

Report this User

Report this user for behavior that violates our Community Guidelines.

Details: